| 000 | 00491cam a22002051 4500 | ||
|---|---|---|---|
| 001 | sa 75904581 | ||
| 003 | DLC | ||
| 005 | 20260227112728.0 | ||
| 008 | 050721s1975 xx 000 0 benr | ||
| 010 | _asa 75904581 | ||
| 040 |
_aDLC _cDLC _dDLC |
||
| 050 | 0 | 0 |
_aPK1718.M47 _bT55 |
| 100 | 1 |
_aMitra, Bimal, _d1912-1991. |
|
| 245 | 1 | 0 | _aTina nambara sākshī. |
| 260 | _c1382 [1975] | ||
| 300 |
_a160 p. ; _c22 cm. |
||
| 500 | _aIn Bengali. | ||
| 500 | _aA novel. | ||
| 500 | _aRomanized. | ||
| 999 |
_c89645 _d89645 |
||